Capítulo III : El marco histórico /
Existe un patrón para explicar el desarrollo de la teoría social latinoamericana. Su diseño responde a pautas donde se relacionan de manera causal hechos históricos, propuestas teóricas y categorías sociales. En esta dinámica, las propuestas de interpretación social de la realidad latinoamericana re...
Guardado en:
| Hovedforfatter: | |
|---|---|
| Format: | Texto |
| Sprog: | Spanish |
| Udgivet: |
Buenos Aires:
CLACSO
|
| Fag: | |
| Tags: |
Tilføj Tag
Ingen Tags, Vær først til at tagge denne postø!
|
MARC
| LEADER | 00000 a a2200000 04500 | ||
|---|---|---|---|
| 001 | 38274 | ||
| 003 | cru CIDCACS/IIS | ||
| 005 | 20170525094935.0 | ||
| 008 | 170525b xxu||||| |||| 00| 0 spa d | ||
| 020 | |a 978-987-1183-86-9 | ||
| 040 | |c CIDCACS/IIS | ||
| 090 | |a SO05.01.01 R741p | ||
| 100 | |a Roitman Rosenmann, Marcos | ||
| 245 | |a Capítulo III : |b El marco histórico / |c Marcos Roitman Rosenmann | ||
| 260 | |a Buenos Aires: |b CLACSO | ||
| 300 | |a Páginas 137-160 | ||
| 520 | |a Existe un patrón para explicar el desarrollo de la teoría social latinoamericana. Su diseño responde a pautas donde se relacionan de manera causal hechos históricos, propuestas teóricas y categorías sociales. En esta dinámica, las propuestas de interpretación social de la realidad latinoamericana resultan fundamentales para comprender, explicar y generar proyectos de cambio social en las estructuras sociales y de poder. Sus ciencias sociales ocupan un espacio vital en la lucha teórica por apropiarse de la realidad y direccionar el espacio político | ||
| 650 | |a DESARROLLO SOCIAL | ||
| 650 | |a SOCIOLOGIA | ||
| 650 | |a CULTURA | ||
| 650 | |a TEORIA SOCIAL | ||
| 650 | |a AMERICA LATINA | ||
| 942 | |2 ddc |c LI | ||
| 773 | 0 | |0 9181 |9 945 |a Roitman Rosenmann, Marcos |d Buenos Aires: CLACSO |o 05845 |t Pensar América Latina: |w (cru CIDCACS/IIS)38237 |z 978-987-1183-86-9 | |
| 999 | |c 15282 |d 15282 | ||



